| 000 | 01362cam a22003734a 4500 | ||
|---|---|---|---|
| 001 | 12190539 | ||
| 003 | OSt | ||
| 005 | 20150331155257.0 | ||
| 008 | 000929s2002 nyua b 001|0 eng c | ||
| 010 | _a 00047461 | ||
| 020 | _a0443065721 | ||
| 035 | _a(DNLM)100966276 | ||
| 040 |
_aDNLM/DLC _cDLC _dDLC |
||
| 042 | _apcc | ||
| 050 | 0 | 0 |
_aRG524 _b.O3 2002 |
| 060 | 0 | 0 |
_aWQ 100 _bO165 2001 |
| 082 | 0 | 0 |
_aWQ 100 O165 2002 _221 |
| 245 | 0 | 0 |
_aObstetrics : _bnormal and problem pregnancies / _c[edited by] Steven G. Gabbe, Jennifer R. Niebyl, Joe Leigh Simpson ; illustrated by Mickey Senkarik and Michael Cooley. |
| 250 | _a4th ed. | ||
| 260 |
_aNew York : _bChurchill Livingstone, _cc2002. |
||
| 300 |
_axvii, 1429 p. : _bill. ; _c29 cm. |
||
| 504 | _aIncludes bibliographical references and index. | ||
| 650 | 0 |
_aObstetrics. _95 |
|
| 650 | 0 |
_aPregnancy _xComplications. _93506 |
|
| 650 | 1 | 2 |
_aObstetrics. _95 |
| 650 | 2 | 2 |
_aPregnancy Complications. _93401 |
| 700 | 1 |
_aGabbe, Steven G. _93507 |
|
| 700 | 1 |
_aNiebyl, Jennifer R. _93508 |
|
| 700 | 1 |
_aSimpson, Joe Leigh, _d1943- _93509 |
|
| 906 |
_a7 _bcbc _corignew _d1 _eocip _f20 _gy-gencatlg |
||
| 942 |
_2z _cSLOAN |
||
| 999 |
_c1321 _d1321 |
||